| 000 | 00687nam a22002417a 4500 | ||
|---|---|---|---|
| 001 | 54515 | ||
| 003 | UA-OsUOA | ||
| 005 | 20240105100947.0 | ||
| 007 | ta | ||
| 008 | 20080618b un ||||| |||| 00| 0 ukr d | ||
| 020 | _a978-5-482-01887-3 | ||
| 040 |
_aUA-OsUOA _brus _cUA-OsUOA _dUA-OsUOA |
||
| 041 | _arus | ||
| 044 | _aRU | ||
| 080 | _a347(075.8) | ||
| 090 |
_a347(075.8) _bГ75 |
||
| 245 |
_aГражданское право: в 2 ч. _bучебник _cред. Н. Д. Егоров _nч. 2 |
||
| 260 |
_aМосква _bПроспект _c2003 |
||
| 300 | _a176 с. | ||
| 650 | 7 |
_a347 Цивільне право. Судовий устрій _2UDC |
|
| 942 |
_cBK _2udc |
||
| 955 | _a2 | ||
| 999 |
_c340500 _d340500 |
||